| 000 | 02223cam a2200337 i 4500 | ||
|---|---|---|---|
| 999 |
_c64720 _d64720 |
||
| 001 | 869268819 | ||
| 003 | CO-MdFUSB | ||
| 005 | 20181122081416.0 | ||
| 008 | 140619s2014 miu g b 001 0 eng | ||
| 010 | _a2014017530 | ||
| 020 |
_a9780801048975 _qpbk. |
||
| 020 |
_a0801048974 _qpbk. |
||
| 040 |
_aDLC _bspa _erda _cCO-MdFUSB _dYDX _dBTCTA _dYDXCP _dBDX _dOCLCF _dSTU _dOCLCO _dCDX _dWIO _dOCLCQ _dUtOrBLW |
||
| 041 | _aeng | ||
| 082 |
_224 _aG 231.044 _bH761h |
||
| 245 | 0 | 4 |
_aThe holy trinity in the life of the church _c/ editado por Khaled Anatolios. |
| 264 | 1 |
_aGrand Rapids, Michigan : _bBaker Academic, _c℗2014 |
|
| 264 | 4 | _c©2014 | |
| 300 |
_axvii, 253 páginas ; _c24 cm. |
||
| 336 |
_2rdacontent. _atexto _btxt |
||
| 337 |
_2rdamedia. _asin mediación _bn |
||
| 338 |
_2rdacarrier. _avolumen _bnc |
||
| 490 | _aHoly Cross Studies in Patristic Theology and History | ||
| 501 | _aIncluye índice (páginas 239- 253) | ||
| 505 | 0 | 0 | _tOrden bautismal (Mateo 28: 19-20) y la doctrina de la Trinidad / Joseph T. Lienhard -- Eucaristía y Trinidad en las liturgias de la iglesia primitiva / Robert J. Daly -- La naciente "trinitaria" adoración del martirio de Policarpo 14 y Efesios 1 / Paul A. Hartog -- Gregorio de Nyssa al conocer la Trinidad / Nonna Verna Harrison -- La Santísima Trinidad como la dinámica de la salvación del mundo en los padres griegos / John Anthony McGuckin -- Maximus el confesor y John de Damasco sobre la Trinidad / Brian E. Daley -- Deificación en Agustín: ¿Plotiniano o trinitario? / Matthew Drever -- Justificación como declaración y deificación / Bruce D. Marshall -- Persona, comunión y la Trinidad en algunos textos patrísticos / Khaled Anatolios -- El ser trinitario de la iglesia / John Behr -- La relevancia del Ad Ablabium de Gregorio de Nyssa para el diálogo ecuménico católico-ortodoxo sobre la Trinidad y la iglesia / Thomas Cattoi -- Tradición cristiana siríaca y género en teología trinitaria / Kathleen McVey -- Conclusión: Un Dios en quien vivimos: ministrando al Dios trinitario / Brian E. Daley . |
| 563 | _aRústico. | ||
| 650 | 7 |
_aTrinidad _9177 |
|
| 700 | 1 |
_aAnatolios, Khaled, _d1962- _eeditor. |
|
| 942 | _cBK | ||